|
|
|
|
| LEADER |
03527nam a2200709 4500 |
| 001 |
ocn439913630 |
| 003 |
OCoLC |
| 005 |
20180501121922.0 |
| 006 |
m o d |
| 007 |
cr mn||||||||| |
| 008 |
090925s1993 caua ob 001 0 eng d |
| 040 |
|
|
|a UIU
|b eng
|e pn
|c UIU
|d OCLCQ
|d COF
|d OPELS
|d OCLCQ
|d OPELS
|d OCLCF
|d KUK
|d OCLCQ
|d OCLCE
|d OCLCO
|d OCLCA
|d BUF
|d OCLCO
|d GrThAP
|
| 019 |
|
|
|a 988367832
|a 1027331795
|
| 020 |
|
|
|a 0121821277
|q (electronic bk.)
|
| 020 |
|
|
|a 9780121821272
|q (electronic bk.)
|
| 035 |
|
|
|a (OCoLC)439913630
|z (OCoLC)988367832
|z (OCoLC)1027331795
|
| 042 |
|
|
|a dlr
|
| 050 |
|
4 |
|a QP601
|
| 060 |
|
4 |
|a W1 ME9615K v.226 1993
|
| 082 |
0 |
4 |
|a 570
|
| 049 |
|
|
|a TEFA
|
| 245 |
0 |
0 |
|a Metallobiochemistry.
|n Part C
|p Spectroscopic and physical methods for probing metal ion environments in metalloenzymes and metalloproteins /
|c edited by James F. Riordan, Bert L. Vallee.
|
| 246 |
3 |
|
|a Spectroscopic and physical methods for probing metal ion environments in metalloenzymes and metalloproteins
|
| 260 |
|
|
|a San Diego :
|b Academic Press,
|c ©1993.
|
| 300 |
|
|
|a 1 online resource (xxiii, 674 pages) :
|b illustrations.
|
| 336 |
|
|
|a text
|b txt
|2 rdacontent
|
| 337 |
|
|
|a computer
|b c
|2 rdamedia
|
| 338 |
|
|
|a online resource
|b cr
|2 rdacarrier
|
| 490 |
1 |
|
|a Methods in enzymology,
|x 0076-6879 ;
|v v. 226
|
| 504 |
|
|
|a Includes bibliographical references and indexes.
|
| 588 |
0 |
|
|a Print version record.
|
| 520 |
|
|
|a This volume of Methods in Enzymology and its companion Volume 227 presents spectrosopic and physical methods for the determination of metal ion environments in metalloenzymes and metalloproteins.
|
| 506 |
|
|
|3 Use copy
|f Restrictions unspecified
|2 star
|5 MiAaHDL
|
| 533 |
|
|
|a Electronic reproduction.
|b [S.l.] :
|c HathiTrust Digital Library,
|d 2011.
|5 MiAaHDL
|
| 538 |
|
|
|a Master and use copy. Digital master created according to Benchmark for Faithful Digital Reproductions of Monographs and Serials, Version 1. Digital Library Federation, December 2002.
|u http://purl.oclc.org/DLF/benchrepro0212
|5 MiAaHDL
|
| 583 |
1 |
|
|a digitized
|c 2011
|h HathiTrust Digital Library
|l committed to preserve
|2 pda
|5 MiAaHDL
|
| 650 |
|
0 |
|a Metalloenzymes.
|
| 650 |
|
0 |
|a Metalloproteins.
|
| 650 |
|
0 |
|a Metals
|x Spectra.
|
| 650 |
|
7 |
|a Metalloenzymes.
|2 fast
|0 (OCoLC)fst01017919
|
| 650 |
|
7 |
|a Metalloproteins.
|2 fast
|0 (OCoLC)fst01017931
|
| 650 |
|
7 |
|a Metals
|x Spectra.
|2 fast
|0 (OCoLC)fst01018195
|
| 650 |
|
6 |
|a Métaux dans l'organisme.
|
| 650 |
|
6 |
|a Métaux
|x Effets physiologiques.
|
| 650 |
|
6 |
|a Métalloprotéines.
|
| 650 |
|
6 |
|a Métalloenzymes.
|
| 650 |
|
6 |
|a Ions métalliques.
|
| 650 |
|
7 |
|a Métalloprotéines.
|2 fmesh
|
| 650 |
|
7 |
|a Métaux
|x analyse.
|2 fmesh
|
| 650 |
|
7 |
|a Spectroscopie de la résonance magnétique nucléaire.
|2 ram
|
| 650 |
|
7 |
|a Métalloenzymes
|x Analyse.
|2 ram
|
| 650 |
|
7 |
|a Métalloprotéines
|x Analyse.
|2 ram
|
| 650 |
|
7 |
|a Métaux
|x Spectres.
|2 ram
|
| 650 |
|
7 |
|a Métaux
|x Analyse.
|2 ram
|
| 650 |
|
2 |
|a Metalloproteins.
|0 (DNLM)D008667
|
| 650 |
|
2 |
|a Metals
|x analysis.
|0 (DNLM)D008670Q000032
|
| 655 |
|
4 |
|a Electronic books.
|
| 700 |
1 |
|
|a Riordan, James F.
|
| 700 |
1 |
|
|a Vallee, Bert L.
|
| 776 |
0 |
8 |
|i Print version:
|t Metallobiochemistry. Part C, Spectroscopic and physical methods for probing metal ion environments in metalloenzymes and metalloproteins.
|d San Diego : Academic Press, ©1993
|z 0121821277
|w (OCoLC)29013670
|
| 830 |
|
0 |
|a Methods in enzymology ;
|v v. 226.
|
| 856 |
4 |
0 |
|u https://www.sciencedirect.com/science/bookseries/00766879/226
|z Full Text via HEAL-Link
|